000 00735nam a2200181 a 4500
001 000039873
005 20201002033801.0
008 130725s1995 sp 001 0 spa d
020 _a8472324494
100 1 _aAyala, Manuel Josef de,
_d1728-1805
_966083
245 1 0 _aDiccionario de gobierno y legislación de Indias / edición y estudios, Marta Milagros del Vas Mingo. /
_cpor Manuel Josef de Ayala ; edición y estudios, Marta Milagros del Vas Mingo.
260 _aMadrid :
_bInstituto de Cooperación Iberoamericana :
_bEdiciones de Cultura Hispánica,
_c1995.
300 _av. ;
_c26 cm.
500 _aIncluye índice
505 0 _av.12
_tDe prelado a Sital
700 1 _aVas Mingo, Marta Milagros del.
_966084
999 _c39363
_d39363
040 _aDO-SdBNP